01323cam a22003974i 4500003000900000005001700009008004100026035001900067040003300086082002000119100002900139130002000168245008000188264005600268300003900324336002100363337002500384338002300409490010100432504004200533504003300575505018300608526001000791526001000801526001000811526001000821526000800831526000800839526000800847526000800855526000800863526000800871526000800879650001600887650002200903PE-LiUPU20250731173035.0150623s1971 sp rb 001 0 spa d a(Sirsi) a24004 aPE-LiUPUbspacPE-LiUPUerda04a262.14bN532211 aNicolau, Miguel,eautor. aMiguel Nicolau.10aMinistros de Cristo :bsacerdocio y sacramento del orden /cMiguel Nicolau. 1aMadrid, España :bLa Editorial Católica,c1971. a486 páginas ;c20 centímetros. atext2rdacontent aunmediated2rdamedia avolume2rdacarrier0 aBiblioteca de Autores Cristianos, 322. Historia salutis. Monografias de Teología Dogmática aBibliografía al final de páginas. aÍndice: páginas 474-485.0 a"Misión" y "misnisterio" en la primera iglesia -- El sacerdocio en la reflexión teológica y en el magisterio de la iglesia -- Problemática moderna en torno al sacerdocio. aSEG42 aSEG41 aSEG40 aSEG39 aP94 aP87 aP86 aP85 aP77 aP76 aP3504aSacerdotes.04aOrden sacerdotal.